Tafseer Risala-E-Agk-E-Ghalatiya. (Record no. 4443)

MARC details
000 -LEADER
fixed length control field 00586nam a2200241 a 4500
020 ## - INTERNATIONAL STANDARD BOOK NUMBER
ISBN
082 00 - DEWEY DECIMAL CLASSIFICATION NUMBER
Classification number 227.4
Author Cutter GAI
100 ## - MAIN ENTRY--AUTHOR NAME
Author name Gairdner, W H T
245 ## - TITLE STATEMENT
Title Tafseer Risala-E-Agk-E-Ghalatiya.
260 ## - PUBLICATION, DISTRIBUTION, ETC. (IMPRINT)
Place of publication Egypt
Name of publisher Spck
Year of publication 1928
300 ## - PHYSICAL DESCRIPTION
Number of Pages 53p
500 ## - GENERAL NOTE
General note includes index and biblioraphy
505 2# - FORMATTED CONTENTS NOTE
Formatted contents note Reserve copies
650 ## - SUBJECT ADDED ENTRY--TOPICAL TERM
Topical Term Bible N.T. Epistles Galatians
942 ## - ADDED ENTRY ELEMENTS (KOHA)
Koha item type
700 1# -
-- Gairdner, W H T
Holdings
Home library Current library Date acquired Cost, normal purchase price Full call number Accession Number Koha item type
Henry Martyn Institute Library Henry Martyn Institute Library 06/21/2007 100.00 227.4 GAI 5169 Archive Book
                   Copyright © 2026 | Henry Martyn Institute | Hyderabad | TS-500052 | INDIA | Implemented by hmi.edu.in
Hit-Count:

Powered by Koha